000 01441cam a2200409Ia 4500
999 _c2497
_d2497
001 11791
003 GBCCL
005 20241126110430.0
008 880112s1987 txu b 00110 eng d
020 _a0849907896
035 _aOCM17338368
040 _aTDL
_cTDL
_dLBB
049 _aLBBK
_aLBBQ
_aLBBU
_aLBBT
_aLBBA
_c1-2
_aLBBC
082 _a224.9077
_bSTU
090 _aBS491.2
_b.W67 v.31
092 _a224.6077
_bS929
100 1 _aStuart, Douglas K.
_9734
245 1 0 _aHosea-Jonah /
_cDouglas Stuart.
260 _aWaco, Tex. :
_bWord Books,
_cc1989.
300 _axlv, 537 p. ;
_c24 cm.
440 0 _aWord biblical Themes ;
_915893
500 _aIncludes author's translation of Biblical text.
504 _aIncludes bibliography, index
630 0 0 _aBible.
_pO.T.
_pHosea
_915894
630 0 0 _aBible.
_pO.T.
_pJoel
_915895
630 0 0 _aBible.
_pO.T.
_pAmos
_915896
630 0 0 _aBible.
_pO.T.
_pObadiah
_915897
630 0 0 _aBible.
_pO.T.
_pJonah
_915898
630 0 0 _aBible
_pO.T.
_pMinor Prophets
_915899
650 _2Bible OT
_aCriticism, interpretation,etc.
_915900
730 0 2 _aBible.
_pO.T.
_pHosea.
_lEnglish.
_sStuart.
_f1987.
_95197
730 0 2 _aBible.
_pO.T.
_pJoel.
_lEnglish.
_sStuart.
_f1987.
_95198
730 0 2 _aBible.
_pO.T.
_pAmos.
_lEnglish.
_sStuart.
_f1987.
_95199
730 0 2 _aBible.
_pO.T.
_pObadiah.
_lEnglish.
_sStuart.
_f1987.
_95200
730 0 2 _aBible.
_pO.T.
_pJonah.
_lEnglish.
_sStuart.
_f1987.
_95201
942 _2ddc
_cBK
_022